[Event "Oberliga Bayern 1920"]
[Site "Bayern"]
[Date "2020.03.01"]
[Round "7.7"]
[White "Pitschka, Claus"]
[Black "Aulinger, Reimund"]
[Result "1/2-1/2"]
[WhiteElo "2176"]
[BlackElo "2055"]
[PlyCount "119"]
[EventDate "2019.10.20"]
[EventType "team-tourn"]
[EventRounds "9"]
[EventCountry "GER"]
[SourceTitle "EXT 2021"]
[Source "ChessBase"]
[SourceDate "2020.10.23"]
[SourceVersion "1"]
[SourceVersionDate "2020.10.23"]
[SourceQuality "1"]
[WhiteTeam "Garching II"]
[BlackTeam "Bindlach Aktionaer"]
[WhiteTeamCountry "GER"]
[BlackTeamCountry "GER"]

1. d4 c5 2. d5 Nf6 3. Nc3 g6 4. e4 d6 5. Nf3 Bg7 6. Be2 0-0 7. 0-0 Na6 8. Nd2 Nc7 9. a4 b6 10. Nc4 Ba6 11. Be3 Qd7 12. f3 Rab8 13. Qd2 Bxc4 14. Bxc4 a6 15. Be2 Rfc8 16. Rfb1 b5 17. axb5 axb5 18. Ra7 b4 19. Nd1 Ra8 20. Rba1 Rxa7 21. Rxa7 Ra8 22. Rxa8+ Nxa8 23. c3 bxc3 24. bxc3 Qb7 25. Qa2 Nc7 26. Qa5 Nd7 27. Kf2 h6 28. Bd3 Ne5 29. Be2 f5 30. exf5 gxf5 31. c4 e6 32. f4 Ng4+ 33. Bxg4 fxg4 34. dxe6 Nxe6 35. Kg3 Qe4 36. Qb6 Bd4 37. Qb3 Kf7 38. Qa3 Bxe3 39. Qxe3 Qxc4 40. Kxg4 Qf1 41. Qd2 Nd4 42. Nc3 Qc4 43. Kh5 Qe6 44. Qd3 Kg7 45. Qg3+ Kf7 46. Qd3 Nf5 47. Kg4 Qg6+ 48. Kf3 Nh4+ 49. Ke2 Nxg2 50. Qxg6+ Kxg6 51. Ne4 Nxf4+ 52. Kf3 Ne6 53. Nxd6 h5 54. Ke4 Kg5 55. Kd5 Nd4 56. Ne4+ Kf4 57. Nxc5 Nf3 58. Ne6+ Kg4 59. h3+ Kxh3 60. Ng7 1/2-1/2

[Event "Landesliga Nord 1516"]
[Site "Bayern"]
[Date "2016.01.17"]
[Round "5.4"]
[White "Hirn, Oskar"]
[Black "Aulinger, Reimund"]
[Result "1/2-1/2"]
[WhiteElo "2126"]
[BlackElo "2057"]
[PlyCount "58"]
[EventDate "2015.10.11"]
[EventType "team-tourn"]
[EventRounds "9"]
[EventCountry "GER"]
[SourceTitle "EXT 2018"]
[Source "ChessBase"]
[SourceDate "2017.10.13"]
[SourceVersion "1"]
[SourceVersionDate "2017.10.13"]
[SourceQuality "1"]
[WhiteTeam "Nuernberg NT II"]
[BlackTeam "Bindlach Aktionaer II"]
[WhiteTeamCountry "GER"]
[BlackTeamCountry "GER"]

1. d4 Nf6 2. Nf3 g6 3. Bf4 Bg7 4. Nbd2 d5 5. e3 0-0 6. h3 b6 7. a4 Nbd7 8. a5 a6 9. Ne5 Nxe5 10. Bxe5 c5 11. c3 c4 12. Be2 b5 13. 0-0 Be6 14. Bf3 Ra7 15. Re1 Bf5 16. Bxf6 Bxf6 17. e4 dxe4 18. Nxe4 Bxe4 19. Rxe4 Qd6 20. Qe2 Kg7 21. h4 h5 22. Re1 Qd8 23. Ra1 Qd6 24. Qc2 Rd7 25. Rae1 Qc7 26. Ra1 e5 27. dxe5 Bxe5 28. Rae1 Re7 29. R1e3 Rfe8 1/2-1/2

[Event "Landesliga Nord 1415"]
[Site "Bayern"]
[Date "2015.02.01"]
[Round "6.4"]
[White "Aulinger, Reimund"]
[Black "Gehlert, Klaus"]
[Result "1/2-1/2"]
[WhiteElo "2057"]
[BlackElo "2018"]
[PlyCount "37"]
[EventDate "2014.10.19"]
[EventType "team-tourn"]
[EventRounds "9"]
[EventCountry "GER"]
[SourceTitle "EXT 2018"]
[Source "ChessBase"]
[SourceDate "2017.10.13"]
[SourceVersion "1"]
[SourceVersionDate "2017.10.13"]
[SourceQuality "1"]
[WhiteTeam "Bindlach Aktionaer II"]
[BlackTeam "Wuerzburg"]
[WhiteTeamCountry "GER"]
[BlackTeamCountry "GER"]

1. d4 e6 2. Nf3 f5 3. g3 Nf6 4. Bg2 d5 5. 0-0 Bd6 6. b3 Qe7 7. Bb2 b6 8. Ne5 Bb7 9. Nd2 c5 10. c4 0-0 11. Ndf3 Nbd7 12. Qc2 Ne4 13. Nxd7 Qxd7 14. Rad1 Qe7 15. dxc5 bxc5 16. Be5 Rad8 17. Bxd6 Qxd6 18. cxd5 exd5 19. Nd2 1/2-1/2

[Event "Landesliga Nord 1314"]
[Site "Bayern"]
[Date "2013.11.24"]
[Round "3.6"]
[White "Sommer, Matthias"]
[Black "Aulinger, Reimund"]
[Result "1/2-1/2"]
[WhiteElo "2172"]
[BlackElo "2123"]
[PlyCount "92"]
[EventDate "2013.10.13"]
[EventType "team"]
[EventRounds "9"]
[EventCountry "GER"]
[SourceTitle "EXT 2015"]
[Source "ChessBase"]
[SourceDate "2014.11.20"]
[SourceVersion "1"]
[SourceVersionDate "2014.11.20"]
[SourceQuality "1"]
[WhiteTeam "Nuernberg NT II"]
[BlackTeam "Bindlach II"]
[WhiteTeamCountry "GER"]
[BlackTeamCountry "GER"]

1. d4 e6 2. c4 d5 3. Nf3 c5 4. cxd5 exd5 5. g3 Nc6 6. Bg2 c4 7. 0-0 Bb4 8. Ne5 Nge7 9. Nxc6 bxc6 10. b3 cxb3 11. Qxb3 Bd6 12. Ba3 0-0 13. Nc3 Nf5 14. e3 Qe7 15. Bxd6 Nxd6 16. Na4 Bf5 17. Nc5 Rab8 18. Qc3 Rb6 19. Rfe1 Rfb8 20. Nb3 Ne4 21. Qc1 Qf6 22. f3 Ng5 23. Qc3 h5 24. e4 Be6 25. e5 Qg6 26. Rf1 Nh3+ 27. Kh1 Bf5 28. Rac1 Ng5 29. Rfe1 h4 30. g4 Bc8 31. h3 Ne6 32. Qe3 Qg5 33. Qxg5 Nxg5 34. f4 Ne6 35. f5 Nf4 36. Rc3 Nxg2 37. Kxg2 a5 38. Nxa5 Rb2+ 39. Kf3 Bd7 40. e6 fxe6 41. Nxc6 Bxc6 42. Rxc6 exf5 43. gxf5 Rxa2 44. Rd6 Rb3+ 45. Kg4 Rh2 46. Kxh4 Rbxh3+ 1/2-1/2

[Event "Landesliga Nord 1213"]
[Site "Bayern"]
[Date "2013.02.24"]
[Round "7.5"]
[White "Aulinger, Reimund"]
[Black "Mittag, Ralf"]
[Result "1/2-1/2"]
[WhiteElo "2058"]
[BlackElo "2071"]
[PlyCount "49"]
[EventDate "2012.10.14"]
[EventType "team-tourn"]
[EventRounds "9"]
[EventCountry "GER"]
[SourceTitle "EXT 2015"]
[Source "ChessBase"]
[SourceDate "2014.11.20"]
[SourceVersion "1"]
[SourceVersionDate "2014.11.20"]
[SourceQuality "1"]
[WhiteTeam "Bindlach II"]
[BlackTeam "Bamberg"]
[WhiteTeamCountry "GER"]
[BlackTeamCountry "GER"]

1. Nf3 d5 2. d4 Nf6 3. e3 Bg4 4. c4 c6 5. Qb3 Qb6 6. Ne5 Be6 7. Nc3 dxc4 8. Bxc4 Bxc4 9. Qxc4 e6 10. 0-0 Bd6 11. Nf3 Nbd7 12. e4 Bb4 13. Qe2 0-0 14. Bg5 Rfe8 15. Rac1 h6 16. Bf4 Rad8 17. h3 Qa5 18. a3 Bf8 19. Ne5 Nxe5 20. Bxe5 Nd7 21. Bg3 b5 22. Rfd1 a6 23. Qh5 Qb6 24. Qf3 a5 25. Qe2 1/2-1/2

[Event "Landesliga Nord 1213"]
[Site "Bayern"]
[Date "2013.02.03"]
[Round "6.5"]
[White "Stiller, Juergen"]
[Black "Aulinger, Reimund"]
[Result "1/2-1/2"]
[WhiteElo "2143"]
[BlackElo "2058"]
[PlyCount "85"]
[EventDate "2012.10.14"]
[EventType "team-tourn"]
[EventRounds "9"]
[EventCountry "GER"]
[SourceTitle "EXT 2015"]
[Source "ChessBase"]
[SourceDate "2014.11.20"]
[SourceVersion "1"]
[SourceVersionDate "2014.11.20"]
[SourceQuality "1"]
[WhiteTeam "Nuernberg Sued SW"]
[BlackTeam "Bindlach II"]
[WhiteTeamCountry "GER"]
[BlackTeamCountry "GER"]

1. d4 e6 2. Nf3 d5 3. e3 Nf6 4. Bd3 Be7 5. Nbd2 0-0 6. 0-0 b6 7. Qe2 c5 8. c3 Bb7 9. Ne5 Nbd7 10. f4 Ne4 11. Nxe4 dxe4 12. Bb5 Nxe5 13. fxe5 f5 14. exf6 Bxf6 15. dxc5 bxc5 16. Bd2 Qb6 17. Rab1 Rad8 18. Be1 Be5 19. Bh4 Rb8 20. a4 Bd5 21. Kh1 Qc7 22. h3 c4 23. Rxf8+ Rxf8 24. Rf1 Rf5 25. Rxf5 exf5 26. Qh5 g6 27. Qg5 Kg7 28. Kg1 Bf7 29. Qe7 Qd6 30. Qxd6 Bxd6 31. Kf2 Bd5 32. Bg3 Bxg3+ 33. Kxg3 g5 34. Bd7 Kf6 35. Kf2 f4 36. Bg4 a5 37. Bd7 Ke5 38. Bg4 Bf7 39. Bd1 h6 40. Be2 Be6 41. Bh5 Bd7 42. Bf7 Be6 43. Be8 1/2-1/2

[Event "Landesliga Nord 0506"]
[Site "Bayern"]
[Date "2006.03.12"]
[Round "8.5"]
[White "Fischer, Emil"]
[Black "Aulinger, Reimund"]
[Result "0-1"]
[WhiteElo "2092"]
[BlackElo "2148"]
[PlyCount "114"]
[EventDate "2005.10.23"]
[EventType "team-tourn"]
[EventRounds "9"]
[EventCountry "GER"]
[SourceTitle "EXT 2007"]
[Source "ChessBase"]
[SourceDate "2006.11.23"]
[SourceVersion "1"]
[SourceVersionDate "2006.11.23"]
[SourceQuality "1"]

1. e4 e6 2. d4 d5 3. e5 c5 4. c3 Qb6 5. Nf3 Nc6 6. a3 c4 7. Nbd2 f6 8. Be2 fxe5 9. Nxe5 Nxe5 10. dxe5 Bc5 11. 0-0 Ne7 12. b4 cxb3 13. Nxb3 0-0 14. Nxc5 Qxc5 15. Qd4 Qc7 16. f4 Bd7 17. a4 Nf5 18. Qd3 Rac8 19. Bd2 Be8 20. Rf2 Bg6 21. Qh3 Qb6 22. Bd3 Qd8 23. Rb1 Rc7 24. Rb4 b6 25. c4 d4 26. a5 bxa5 27. Rb5 Be8 28. Rxa5 Bc6 29. Ra6 Qe7 30. Ba5 Rcc8 31. g4 Qh4 32. Qxh4 Nxh4 33. Rxa7 Nf3+ 34. Kf1 Rxf4 35. Ke2 g5 36. Bxh7+ Kh8 37. h4 Rcf8 38. Kd1 gxh4 39. g5 Nxg5 40. Rxf4 Rxf4 41. Bd2 Rf7 42. Rxf7 Nxf7 43. Bd3 Nxe5 44. Bf1 Kg7 45. Be1 Ng6 46. Ke2 Kf6 47. Kf2 Nf4 48. Be2 Nxe2 49. Kxe2 Kg5 50. Bf2 e5 51. Bg1 Kg4 52. Bh2 e4 53. c5 Bb5+ 54. Ke1 Kf3 55. c6 Bxc6 56. Be5 h3 57. Kf1 d3 0-1

[Event "Landesliga Nord 0506"]
[Site "Bayern"]
[Date "2005.11.13"]
[Round "2.5"]
[White "Aulinger, Reimund"]
[Black "Schmahl, Stephan"]
[Result "1-0"]
[WhiteElo "2148"]
[BlackElo "2114"]
[PlyCount "119"]
[EventDate "2005.10.23"]
[EventType "team-tourn"]
[EventRounds "9"]
[EventCountry "GER"]
[SourceTitle "EXT 2007"]
[Source "ChessBase"]
[SourceDate "2006.11.23"]
[SourceVersion "1"]
[SourceVersionDate "2006.11.23"]
[SourceQuality "1"]

1. d4 d5 2. c4 e6 3. Nf3 c5 4. cxd5 exd5 5. g3 Nc6 6. Bg2 Nf6 7. 0-0 Be7 8. Nc3 0-0 9. Bg5 c4 10. Ne5 Be6 11. f4 Ng4 12. Bxe7 Nxe7 13. Qd2 f6 14. Nxg4 Bxg4 15. f5 Qd7 16. Qf4 Bxf5 17. Nxd5 Nxd5 18. Qxf5 Qxf5 19. Rxf5 Ne3 20. Rb5 Rad8 21. Rxb7 Rxd4 22. Bf3 Rd2 23. Rc1 Re8 24. Kf2 Nc2 25. Bd5+ Rxd5 26. Rxc2 a5 27. Rxc4 Rd2 28. Rcc7 Rdxe2+ 29. Kf3 R8e3+ 30. Kg4 h5+ 31. Kxh5 Rxh2+ 32. Kg4 Re4+ 33. Kf3 Rhe2 34. Rxg7+ Kh8 35. Rgf7 R4e3+ 36. Kg4 Re4+ 37. Kh3 Kg8 38. Rxf6 Re5 39. Rg6+ Kf8 40. Rf6+ Kg8 41. Kg4 R2e4+ 42. Rf4 Re2 43. Rc4 Re7 44. Rxe7 Rxe7 45. Rc5 Re2 46. Rxa5 Rxb2 47. Ra7 Rb5 48. Kh4 Rb6 49. g4 Rc6 50. Kh5 Rb6 51. g5 Rc6 52. a4 Rb6 53. a5 Rc6 54. Rb7 Ra6 55. Rb5 Kg7 56. g6 Ra7 57. Kg5 Rc7 58. a6 Rc1 59. Rb7+ Kg8 60. a7 1-0

[Event "Landesliga Nord 0405"]
[Site "Bayern"]
[Date "2005.03.13"]
[Round "8.3"]
[White "Aulinger, Reimund"]
[Black "Hirn, Oskar"]
[Result "1/2-1/2"]
[WhiteElo "2116"]
[BlackElo "2140"]
[PlyCount "49"]
[EventDate "2004.10.24"]
[EventType "team-tourn"]
[EventRounds "9"]
[EventCountry "GER"]
[SourceTitle "EXT 2008"]
[Source "ChessBase"]
[SourceDate "2007.11.25"]
[SourceVersion "1"]
[SourceVersionDate "2007.11.25"]
[SourceQuality "1"]
[WhiteTeam "Bindlach II"]
[BlackTeam "Nuernberg NT II"]
[WhiteTeamCountry "GER"]
[BlackTeamCountry "GER"]

1. d4 Nf6 2. Nf3 g6 3. g3 Bg7 4. Bg2 c5 5. c4 0-0 6. 0-0 cxd4 7. Nxd4 Nc6 8. Nc3 Qa5 9. Nb3 Qb4 10. c5 Na5 11. Qd4 Qxd4 12. Nxd4 Ne8 13. e3 d6 14. cxd6 Nxd6 15. b3 Nf5 16. Nce2 Nxd4 17. Nxd4 Bg4 18. Ba3 Bf6 19. Rac1 Rac8 20. Bb4 b6 21. h3 Bd7 22. Rfd1 Rxc1 23. Rxc1 Rc8 24. Rxc8+ Bxc8 25. Bxa5 1/2-1/2

[Event "Landesliga Nord 0405"]
[Site "Bayern"]
[Date "2004.12.12"]
[Round "4.4"]
[White "Aulinger, Reimund"]
[Black "Kirschneck, Toralf"]
[Result "1/2-1/2"]
[WhiteElo "2116"]
[BlackElo "2137"]
[PlyCount "106"]
[EventDate "2004.10.24"]
[EventType "team-tourn"]
[EventRounds "9"]
[EventCountry "GER"]
[SourceTitle "EXT 2008"]
[Source "ChessBase"]
[SourceDate "2007.11.25"]
[SourceVersion "1"]
[SourceVersionDate "2007.11.25"]
[SourceQuality "1"]
[WhiteTeam "Bindlach II"]
[BlackTeam "Marktleuthen"]
[WhiteTeamCountry "GER"]
[BlackTeamCountry "GER"]

1. d4 Nf6 2. Nf3 d6 3. g3 g6 4. Bg2 Bg7 5. c4 0-0 6. 0-0 c6 7. Nc3 Qc7 8. e4 Bg4 9. h3 Bxf3 10. Qxf3 Nfd7 11. Rd1 Na6 12. Bg5 Rfe8 13. Rac1 Qb6 14. b3 Bxd4 15. Na4 Qa5 16. Bxe7 Qe5 17. Bh4 Re6 18. Qf4 f6 19. Qxe5 dxe5 20. g4 g5 21. Bg3 Rd6 22. c5 Re6 23. Bf1 Re7 24. Bxa6 bxa6 25. Kf1 Nf8 26. f3 Ne6 27. Bf2 Rb8 28. Bxd4 Nxd4 29. Kf2 h5 30. Rh1 h4 31. Rhd1 Rd7 32. Nc3 Rbd8 33. Ne2 Ne6 34. Rxd7 Rxd7 35. Ke3 Kf7 36. Rc3 Rd1 37. Rd3 Rxd3+ 38. Kxd3 Nxc5+ 39. Kc4 Ne6 40. Kb4 Ke7 41. Ka5 Nd4 42. Nc1 Nxf3 43. Kxa6 Ng1 44. Kxa7 Nxh3 45. Nd3 Nf4 46. Nf2 Kd6 47. Kb6 h3 48. a4 h2 49. a5 Nd3 50. Nh1 Nb4 51. Ng3 c5 52. Nf5+ Kd7 53. Ng3 Kd6 1/2-1/2

[Event "Oberliga Bayern 0304"]
[Site "Bayern"]
[Date "2004.04.25"]
[Round "9.4"]
[White "Aulinger, Reimund"]
[Black "Kaeppel, Roland"]
[Result "1-0"]
[WhiteElo "2095"]
[BlackElo "2096"]
[PlyCount "60"]
[EventDate "2003.10.12"]
[EventType "team-tourn"]
[EventRounds "9"]
[EventCountry "GER"]
[SourceTitle "EXT 2006"]
[Source "ChessBase"]
[SourceDate "2005.11.24"]
[SourceVersion "1"]
[SourceVersionDate "2005.11.24"]
[SourceQuality "1"]
[WhiteTeam "Muenchen Schwabing"]
[BlackTeam "Schwabach"]
[WhiteTeamCountry "GER"]
[BlackTeamCountry "GER"]

1. d4 Nf6 2. Nf3 e6 3. c4 Bb4+ 4. Nbd2 d5 5. Qa4+ Nc6 6. a3 Be7 7. e3 Bd7 8. Qc2 a5 9. Bd3 0-0 10. 0-0 h6 11. b3 Na7 12. Bb2 Rc8 13. e4 dxe4 14. Nxe4 Nxe4 15. Bxe4 b5 16. Rad1 a4 17. b4 bxc4 18. d5 Bd6 19. dxe6 Bxe6 20. Qxa4 Ra8 21. Bxa8 Qxa8 22. Nd4 Bd5 23. f3 g6 24. Rfe1 Qb7 25. Qd7 Ra8 26. Re8+ Bf8 27. Rxa8 Qxa8 28. Nc2 c6 29. Ne3 Nb5 30. Nxd5 cxd5 1-0

[Event "Oberliga Bayern 0304"]
[Site "Bayern"]
[Date "2003.11.23"]
[Round "3.4"]
[White "Aulinger, Reimund"]
[Black "Jirovsky, Pavel"]
[Result "1/2-1/2"]
[WhiteElo "2095"]
[BlackElo "2340"]
[PlyCount "43"]
[EventDate "2003.10.12"]
[EventType "team-tourn"]
[EventRounds "9"]
[EventCountry "GER"]
[SourceTitle "EXT 2006"]
[Source "ChessBase"]
[SourceDate "2005.11.24"]
[SourceVersion "1"]
[SourceVersionDate "2005.11.24"]
[SourceQuality "1"]
[WhiteTeam "Muenchen Schwabing"]
[BlackTeam "Koetzting"]
[WhiteTeamCountry "GER"]
[BlackTeamCountry "GER"]

1. d4 d5 2. c4 e6 3. Nf3 Nf6 4. g3 Be7 5. Bg2 0-0 6. 0-0 Nbd7 7. Qc2 c6 8. b3 b6 9. Rd1 a5 10. Bb2 Ba6 11. Nbd2 Qb8 12. e4 Rc8 13. Ne5 Bb7 14. Nxd7 Nxd7 15. Rac1 h6 16. Qb1 Qa7 17. cxd5 cxd5 18. e5 a4 19. Rxc8+ Rxc8 20. Rc1 axb3 21. Rxc8+ Bxc8 22. axb3 1/2-1/2

[Event "Oberliga Bayern 0304"]
[Site "Bayern"]
[Date "2003.11.02"]
[Round "2.6"]
[White "Heimrath, Wolfgang"]
[Black "Aulinger, Reimund"]
[Result "1-0"]
[WhiteElo "2107"]
[BlackElo "2095"]
[PlyCount "29"]
[EventDate "2003.10.12"]
[EventType "team-tourn"]
[EventRounds "9"]
[EventCountry "GER"]
[SourceTitle "EXT 2006"]
[Source "ChessBase"]
[SourceDate "2005.11.24"]
[SourceVersion "1"]
[SourceVersionDate "2005.11.24"]
[SourceQuality "1"]
[WhiteTeam "Zirndorf"]
[BlackTeam "Muenchen Schwabing"]
[WhiteTeamCountry "GER"]
[BlackTeamCountry "GER"]

1. e4 e6 2. c4 d5 3. cxd5 exd5 4. Qb3 dxe4 5. Bc4 Qe7 6. Nc3 Nf6 7. d4 Nbd7 8. Bg5 Nb6 9. Nge2 h6 10. Bxf6 gxf6 11. 0-0-0 Bg7 12. Nf4 0-0 13. Ng6 Qd6 14. Nxe4 Qc6 15. Ne7+ 1-0

[Event "Pyramiden Franken Cup 5th"]
[Site "Fuerth"]
[Date "2002.09.01"]
[Round "2"]
[White "Aulinger, Reimund"]
[Black "Handke, Florian"]
[Result "0-1"]
[WhiteElo "2207"]
[BlackElo "2471"]
[PlyCount "84"]
[EventDate "2002.08.31"]
[EventType "swiss"]
[EventRounds "9"]
[EventCountry "GER"]
[SourceTitle "CBM 090 Extra"]
[Source "ChessBase"]
[SourceDate "2002.11.07"]
[SourceVersion "1"]
[SourceVersionDate "2002.11.07"]
[SourceQuality "1"]

1. d4 Nf6 2. Nf3 e6 3. c4 b6 4. Bf4 Bb4+ 5. Nbd2 Bb7 6. e3 0-0 7. Bd3 d6 8. 0-0 Bxd2 9. Nxd2 Nbd7 10. Bg5 c5 11. Ne4 h6 12. Bh4 g5 13. Nxf6+ Nxf6 14. Bg3 Ne4 15. Bxe4 Bxe4 16. f3 Bg6 17. e4 Re8 18. dxc5 dxc5 19. Be5 Qe7 20. Qe2 f6 21. Bc3 e5 22. Rad1 Bf7 23. b3 Red8 24. Rxd8+ Rxd8 25. Rd1 Rc8 26. Qd2 Be6 27. Qd6 Qe8 28. a4 Kf7 29. Rd2 h5 30. g3 Rc6 31. Qd3 a6 32. Bb2 Qb8 33. Kg2 g4 34. f4 exf4 35. gxf4 Qxf4 36. Rf2 Qd6 37. Rxf6+ Ke8 38. Qe3 h4 39. Qh6 h3+ 40. Kg1 Kd7 41. Rf2 Qd1+ 42. Rf1 Qxf1+ 0-1

[Event "BL2-Ost 0102"]
[Site "Germany"]
[Date "2002.04.28"]
[Round "9.8"]
[White "Aulinger, Reimund"]
[Black "Rudolph, Peter"]
[Result "1/2-1/2"]
[WhiteElo "2130"]
[BlackElo "2191"]
[PlyCount "33"]
[EventDate "2001.10.07"]
[EventType "team-tourn"]
[EventRounds "9"]
[EventCountry "GER"]
[SourceTitle "CBM 088 Extra"]
[Source "ChessBase"]
[SourceDate "2002.07.01"]
[SourceVersion "2"]
[SourceVersionDate "2002.07.01"]
[SourceQuality "1"]
[WhiteTeam "Bindlach"]
[BlackTeam "Hungen Lich"]
[WhiteTeamCountry "GER"]
[BlackTeamCountry "GER"]

1. d4 c5 2. Nf3 Nf6 3. g3 b6 4. Bg2 Bb7 5. 0-0 g6 6. c4 Bg7 7. Nc3 0-0 8. d5 d6 9. e4 Nbd7 10. h3 Ne8 11. Qc2 Ba6 12. Qa4 Nc7 13. Re1 Rb8 14. Bf4 Ne5 15. Nxe5 dxe5 16. Be3 Qd6 17. f3 1/2-1/2